• 首页
  • 本馆介绍
  • 公告通知
  • 最新文献
  • 馆藏检索
  • 电子资源
  • 读者导购
  • 参考咨询
  • 我的图书馆
  • 登录
  • 详细信息显示
  • 放入我的书架
  • 预约/预借图书
  • 作者相关作品
  • 分类相关作品
  • 丛书相关作品
  • 出版社相关作品

书目信息

  • 表格格式
  • 工作单格式
  • 卡片格式
题名:
湖泊科学与区域地理学研究
    
 
作者: ;中国科学院南京低级与湖泊研究所 编
分册:  
出版信息: 北京   科学出版社  2010.10
页数: 394页
开本: 29cm
丛书名:
单 册:
中图分类: P942.007.8 , P942
科图分类:
主题词: 湖泊--研究--中国 , 区域地理学--研究--中国 , 湖泊 , 区域地理学
电子资源:
ISBN: 978-7-03-029046-5
000 01045nam0 2200277 450
001 010040010143
005 20130504154043.51
010    @a978-7-03-029046-5@b精装@dCNY158.00
100    @a20101026d2010 em y0chiy0110 ea
101 0  @achi
102    @aCN@b110000
105    @aak z 000yy
106    @ar
200 1  @a湖泊科学与区域地理学研究@9hu bo ke xue yu qu yu di li xue yan jiu@e进展与展望@f中国科学院南京地理与湖泊研究所编
210    @a北京@c科学出版社@d2010.10
215    @a394页@c图@d29cm
330    @a全书分为上下两部共四篇。内容包括:中国湖泊资源综合科学考察与研究、湖泊污染与富营养化的调查研究、湖泊物理学研究、湖泊生物资源开发利用、湖泊污染防治、湖泊沉积学与石油勘探与开发等。
606 0  @a湖泊@x研究@y中国
606 0  @a区域地理学@x研究@y中国
606 0  @a湖泊
606 0  @a区域地理学
690    @aP942.007.8@v4
690    @aP942@v4
711 02 @a中国科学院南京低级与湖泊研究所@9zhong guo ke xue yuan nan jing di ji yu hu bo yan jiu suo@4编
801  0 @aCN@bRENTIAN@c20101026
905    @b543085-87@dP942.007.8@e138@f3
    
    湖泊科学与区域地理学研究:进展与展望/中国科学院南京地理与湖泊研究所编.-北京:科学出版社,2010.10
    394页:图;29cm
    
    
    ISBN 978-7-03-029046-5(精装):CNY158.00
    全书分为上下两部共四篇。内容包括:中国湖泊资源综合科学考察与研究、湖泊污染与富营养化的调查研究、湖泊物理学研究、湖泊生物资源开发利用、湖泊污染防治、湖泊沉积学与石油勘探与开发等。
●
相关链接 在E读中查询图书 在五车中查询图书 在当当中查询图书 在豆瓣中查询图书


正题名:湖泊科学与区域地理学研究     索取号:P942.007.8/138         预约/预借

序号 登录号 条形码 馆藏地/架位号 状态 备注
1 543085   205430853   第二样本阅览室/ [索取号:P942.007.8/138] 在馆    
2 543086   205430862   第三借阅区/ [索取号:P942.007.8/138] 在馆    
3 543087   205430871   第三借阅区/ [索取号:P942.007.8/138] 在馆    
唐山师范学院图书馆 欢迎您!
大连网信软件有限公司© 版权所有